00644nam a2200205Ia 450000500170000000800410001702000150005808200180007324500890009126000360018030000170021665000100023365000130024365000160025670000230027270000210029594200060031695201010032299900150042320240715051546.0240331s9999 xx 000 0 und d a8185107742 a200.042bAGA. 0aAgainst all odds :bessays on women, religion anddevelopment from India and Pakistan aNew DelhibKali for womenc1994 aix, 194 p ., aWoman aReligion aDevelopment abhasin, Kamlaeedt aMenon, Ritueedt cL 001040708LaWERCLbWERCLcSSCd2024-03-31l0o Bhasin, K. edp3555r2024-03-31w2024-03-31yL c1309d1309